| 000 | 00399nam a22001457a 4500 | ||
|---|---|---|---|
| 999 |
_c8211 _d8211 |
||
| 003 | OSt | ||
| 005 | 20200813130758.0 | ||
| 008 | 200813b ||||| |||| 00| 0 eng d | ||
| 020 | _a9780470414385 | ||
| 082 |
_a363.7 _bBOT |
||
| 100 |
_aBotkin, Daniel B.; Keller, Edward A., _d1942- |
||
| 245 | _aEnvironmental science : Earth as a living planet | ||
| 260 |
_aAsia _bWily publishing _c2010 |
||
| 942 | _2ddc | ||